[Event "Quebec-ch"]
[Site "Montreal CAN"]
[Date "1986.06.16"]
[Round "1"]
[White "Spraggett, Grant"]
[Black "Hebert, Jean"]
[Result "1/2-1/2"]
[WhiteElo "2175"]
[BlackElo "2400"]
[PlyCount "116"]
[GameId "2160767912651319"]
[EventDate "1986.06.16"]
[EventType "tourn"]
[EventRounds "11"]
[EventCountry "CAN"]
[SourceTitle "EXT 86b"]

1. Nf3 c5 2. g3 b6 3. Bg2 Bb7 4. O-O Nf6 5. c4 g6 6. Nc3 Bg7 7. d3 O-O 8. Bf4 d6 9. Qd2 Nbd7 10. e4 Ng4 11. Ne1 e5 12. Bg5 f6 13. h3 fxg5 14. hxg4 Rf7 15. Nc2 Nf8 16. a3 Ne6 17. b4 Qd7 18. Nd5 Bf6 19. b5 Raf8 20. Bf3 Bd8 21. Bd1 Ng7 22. Nce3 Bc8 23. Kg2 h5 24. Rh1 h4 25. f3 Ne6 26. Nc2 Rh7 27. Be2 Rff7 28. Raf1 hxg3 29. Kxg3 Rh4 30. Rxh4 gxh4+ 31. Kh2 Bg5 32. Qe1 Bb7 33. Nde3 Qd8 34. Bd1 Bf4+ 35. Kh1 Qg5 36. Rg1 Bg3 37. Qd2 Nf4 38. Nf1 Bc8 39. Nce3 Be6 40. Nd5 Bxd5 41. cxd5 Qd8 42. Ne3 Nh3 43. Rf1 Bf4 44. Qe1 Bxe3 45. Qxe3 Nf4 46. Bb3 a6 47. bxa6 b5 48. a4 b4 49. Bc4 Qa5 50. Ra1 g5 51. Qd2 Kg7 52. Bb5 Ra7 53. Qc2 Rf7 54. Qd2 Rf8 55. Rf1 Ra8 56. Qc2 Rf8 57. Qd2 Rf7 58. Rb1 Re7 1/2-1/2

[Event "Quebec-ch"]
[Site "Montreal CAN"]
[Date "1986.06.17"]
[Round "2"]
[White "Hebert, Jean"]
[Black "Leveille, Francois"]
[Result "1-0"]
[WhiteElo "2400"]
[BlackElo "2245"]
[PlyCount "49"]
[GameId "2160767912651325"]
[EventDate "1986.06.16"]
[EventType "tourn"]
[EventRounds "11"]
[EventCountry "CAN"]
[SourceTitle "EXT 86b"]

1. e4 Nf6 2. e5 Nd5 3. Bc4 Nb6 4. Bb3 c5 5. d3 Nc6 6. f4 d6 7. Nf3 dxe5 8. fxe5 c4 9. dxc4 Qxd1+ 10. Kxd1 Bg4 11. Bf4 g5 12. Bxg5 Rg8 13. Bf4 Bh5 14. Bg3 Nxe5 15. Bxe5 Rxg2 16. Rf1 O-O-O+ 17. Ke1 Bh6 18. Nc3 Be3 19. Nd5 Bd2+ 20. Nxd2 Re2+ 21. Kd1 Rxe5+ 22. Kc1 e6 23. Nf4 Rf5 24. c3 Be2 25. Nxe2 1-0

[Event "Quebec-ch"]
[Site "Montreal CAN"]
[Date "1986.06.18"]
[Round "3"]
[White "Spraggett, Kevin"]
[Black "Hebert, Jean"]
[Result "1-0"]
[WhiteElo "2535"]
[BlackElo "2400"]
[PlyCount "81"]
[GameId "2160767912651332"]
[EventDate "1986.06.16"]
[EventType "tourn"]
[EventRounds "11"]
[EventCountry "CAN"]
[SourceTitle "EXT 86b"]

1. e4 c5 2. Nf3 e6 3. d4 cxd4 4. Nxd4 Nc6 5. Nc3 d6 6. g3 a6 7. Bg2 Bd7 8. O-O Be7 9. Nde2 b5 10. a3 Nf6 11. h3 O-O 12. g4 Rc8 13. Ng3 b4 14. axb4 Nxb4 15. f4 Ne8 16. Be3 Bc6 17. Qd2 Rb8 18. f5 exf5 19. Nxf5 Bf6 20. Rf2 Be5 21. Bg5 f6 22. Bf4 Bxf4 23. Qxf4 g6 24. Nd4 Bd7 25. Rd1 Qe7 26. b3 Ng7 27. Qd2 Qd8 28. Bf1 Qb6 29. Bc4+ Kh8 30. Rdf1 Ne8 31. Be6 Bc6 32. Nd5 Nxd5 33. exd5 Bb7 34. Kh2 Qc5 35. c4 Qc7 36. h4 Qe7 37. Kh3 Bc8 38. Re2 Bxe6 39. Rxe6 Qd8 40. Re3 Qc8 41. Re7 1-0

[Event "Quebec-ch"]
[Site "Montreal CAN"]
[Date "1986.06.19"]
[Round "4"]
[White "Hebert, Jean"]
[Black "Kleinplatz, Sam"]
[Result "1/2-1/2"]
[WhiteElo "2400"]
[BlackElo "2250"]
[PlyCount "118"]
[GameId "2160767912651338"]
[EventDate "1986.06.16"]
[EventType "tourn"]
[EventRounds "11"]
[EventCountry "CAN"]
[SourceTitle "EXT 86b"]

1. Nf3 d5 2. c4 d4 3. b4 c5 4. g3 Qc7 5. Bg2 e5 6. d3 cxb4 7. a3 Nc6 8. O-O Nf6 9. e3 dxe3 10. Bxe3 Be7 11. axb4 Bxb4 12. d4 exd4 13. Nxd4 O-O 14. Nxc6 bxc6 15. Qa4 a5 16. Qxc6 Qxc6 17. Bxc6 Ra6 18. Bg2 Bd7 19. Rc1 Bc6 20. Bh3 Ne4 21. c5 Rd8 22. Ra2 Raa8 23. Bg2 Rac8 24. f3 Rd3 25. Re2 Nf6 26. f4 Kf8 27. Bxc6 Rxc6 28. Kg2 Ne4 29. f5 Rd5 30. g4 Nf6 31. h3 Re5 32. Kf3 Nd5 33. Bd4 Rxe2 34. Kxe2 g6 35. fxg6 fxg6 36. Kf3 Ke7 37. Ke4 Ke6 38. Kd3 Nc7 39. Nc3 Bxc3 40. Rxc3 Kd5 41. Rb3 Ne6 42. Be3 Nxc5+ 43. Bxc5 Kxc5 44. Rb7 h6 45. h4 a4 46. Rh7 Kb5 47. Rb7+ Rb6 48. Rh7 Kb4 49. Kc2 Rc6+ 50. Kb1 Rc4 51. Rxh6 Rxg4 52. h5 Rg1+ 53. Ka2 Rg2+ 54. Kb1 g5 55. Rb6+ Kc5 56. Rg6 Kb4 57. h6 Kb3 58. Rb6+ Ka3 59. Rg6 Rh2 1/2-1/2

[Event "Quebec-ch"]
[Site "Montreal CAN"]
[Date "1986.06.20"]
[Round "5"]
[White "Levtchouk, George"]
[Black "Hebert, Jean"]
[Result "0-1"]
[WhiteElo "2280"]
[BlackElo "2400"]
[PlyCount "64"]
[GameId "2160767912651342"]
[EventDate "1986.06.16"]
[EventType "tourn"]
[EventRounds "11"]
[EventCountry "CAN"]
[SourceTitle "EXT 86b"]

1. d4 Nf6 2. c4 e6 3. Nf3 Bb4+ 4. Nbd2 d5 5. e3 O-O 6. a3 Bxd2+ 7. Qxd2 a5 8. b3 Nbd7 9. Bd3 b6 10. O-O Bb7 11. Bb2 h6 12. Rfd1 Qe7 13. Rac1 c5 14. Qc3 Rfd8 15. Ne5 cxd4 16. exd4 dxc4 17. Bxc4 Rac8 18. Qh3 Nd5 19. Qg3 N7f6 20. Re1 Nh5 21. Qg4 Nhf4 22. Rcd1 g5 23. Rd2 Nf6 24. Qd1 Nxg2 25. d5 Nxe1 26. d6 Qf8 27. Qxe1 Rxd6 28. Nxf7 Kxf7 29. Qe5 Nd5 30. Rd3 Ke7 31. Qg3 Rxc4 32. bxc4 Nf4 0-1

[Event "Quebec-ch"]
[Site "Montreal CAN"]
[Date "1986.06.21"]
[Round "6"]
[White "Dupuis, Stephane"]
[Black "Hebert, Jean"]
[Result "0-1"]
[WhiteElo "2119"]
[BlackElo "2400"]
[PlyCount "48"]
[GameId "2160767912651349"]
[EventDate "1986.06.16"]
[EventType "tourn"]
[EventRounds "11"]
[EventCountry "CAN"]
[SourceTitle "EXT 86b"]

1. e4 c5 2. Nf3 e6 3. d4 cxd4 4. Nxd4 Nc6 5. Nc3 a6 6. g3 Nf6 7. Bg2 Qc7 8. Nde2 b5 9. a3 Bb7 10. h3 Bc5 11. Bg5 Ne5 12. O-O Nc4 13. Qc1 h6 14. Bxf6 gxf6 15. b3 Ne5 16. Qf4 Be7 17. Qd2 h5 18. Nd1 Rc8 19. Ne3 Bc5 20. Rfc1 f5 21. f4 Qb6 22. Kf2 h4 23. fxe5 hxg3+ 24. Kf3 Bxe4+ 0-1

[Event "Quebec-ch"]
[Site "Montreal CAN"]
[Date "1986.06.22"]
[Round "7"]
[White "Hebert, Jean"]
[Black "Delisle, Claude"]
[Result "1-0"]
[WhiteElo "2400"]
[BlackElo "2055"]
[PlyCount "67"]
[GameId "2160767912651352"]
[EventDate "1986.06.16"]
[EventType "tourn"]
[EventRounds "11"]
[EventCountry "CAN"]
[SourceTitle "EXT 86b"]

1. d4 Nf6 2. c4 g6 3. Nc3 Bg7 4. e4 d6 5. Be2 O-O 6. Bg5 c5 7. d5 e6 8. Qd2 exd5 9. exd5 Re8 10. Nf3 a6 11. O-O Bf5 12. Rfe1 Qc8 13. Nh4 Ne4 14. Nxe4 Bxe4 15. f3 Bd4+ 16. Kh1 Bf5 17. Nxf5 Qxf5 18. Bd3 Qc8 19. Rxe8+ Qxe8 20. Re1 Qc8 21. f4 Nd7 22. b3 Nf6 23. f5 Qd7 24. Rf1 Kg7 25. Qf4 Qe7 26. Qh4 Re8 27. b4 b6 28. h3 Bc3 29. fxg6 fxg6 30. Bh6+ Kg8 31. bxc5 bxc5 32. Qg5 Qe5 33. Bxg6 Ne4 34. Qxe5 1-0

[Event "Quebec-ch"]
[Site "Montreal CAN"]
[Date "1986.06.26"]
[Round "9"]
[White "Hebert, Jean"]
[Black "Bolduc, Steve"]
[Result "1/2-1/2"]
[WhiteElo "2400"]
[BlackElo "2230"]
[PlyCount "191"]
[GameId "2160767912651365"]
[EventDate "1986.06.16"]
[EventType "tourn"]
[EventRounds "11"]
[EventCountry "CAN"]
[SourceTitle "EXT 86b"]

1. e4 c6 2. c4 d5 3. exd5 cxd5 4. cxd5 Nf6 5. Nc3 Nxd5 6. Nf3 Nc6 7. d4 e6 8. Bd3 Be7 9. O-O O-O 10. Re1 Re8 11. a3 Bd7 12. Bc2 Rc8 13. Ne4 h6 14. Ng3 Bf8 15. Qd3 g6 16. Bd2 Nce7 17. Ne5 Bb5 18. Qb3 Ba6 19. Be4 Bg7 20. Rad1 Nc6 21. Nxc6 Rxc6 22. Bxd5 exd5 23. Rxe8+ Qxe8 24. Qxd5 Bc4 25. Qa5 Bxd4 26. Bxh6 Re6 27. Be3 b6 28. Qb4 Bxe3 29. fxe3 Ba6 30. Qh4 f6 31. h3 Bb7 32. Qc4 Kg7 33. Qg4 Kf8 34. Qf4 Kg7 35. Rf1 Qd8 36. Qg4 Qd5 37. e4 Qd4+ 38. Kh2 Qe5 39. Rd1 Rd6 40. Rxd6 Qxd6 41. h4 Bc6 42. Kh1 Qd2 43. h5 Qg5 44. Qxg5 fxg5 45. hxg6 Kxg6 46. e5 Bd5 47. Nf1 Kf5 48. Ne3+ Kxe5 49. Nxd5 Kxd5 50. Kh2 Kc4 51. Kg3 Kb3 52. Kg4 Kxb2 53. Kxg5 Kxa3 54. Kf6 b5 55. g4 b4 56. g5 b3 57. g6 b2 58. g7 b1=Q 59. g8=Q a5 60. Qd5 a4 61. Kg5 Qb3 62. Qc5+ Ka2 63. Kh4 Kb2 64. Qd4+ Ka3 65. Qa1+ Kb4 66. Qe1+ Qc3 67. Qb1+ Kc4 68. Qa2+ Kb5 69. Qd5+ Kb4 70. Qd6+ Kb3 71. Qd1+ Ka3 72. Kh5 Qe3 73. Qb1 Qh3+ 74. Kg6 Qb3 75. Qa1+ Kb4 76. Qe1+ Qc3 77. Qb1+ Kc5 78. Qf5+ Kc4 79. Qe4+ Kb3 80. Qb1+ Qb2 81. Qd3+ Ka2 82. Kh5 Qe5+ 83. Kh6 a3 84. Qc4+ Kb1 85. Qd3+ Kb2 86. Qd2+ Kb3 87. Qd1+ Kb4 88. Qd2+ Qc3 89. Qd6+ Kb3 90. Qd5+ Kb2 91. Qb5+ Kc1 92. Qf1+ Kc2 93. Qf5+ Qd3 94. Qc5+ Qc3 95. Qf5+ Kd1 96. Qf1+ 1/2-1/2

[Event "Quebec-ch"]
[Site "Montreal CAN"]
[Date "1986.06.28"]
[Round "10"]
[White "Barbeau, Sylvain"]
[Black "Hebert, Jean"]
[Result "1/2-1/2"]
[WhiteElo "2290"]
[BlackElo "2400"]
[PlyCount "43"]
[GameId "2160767912651370"]
[EventDate "1986.06.16"]
[EventType "tourn"]
[EventRounds "11"]
[EventCountry "CAN"]
[SourceTitle "EXT 86b"]

1. Nf3 Nf6 2. c4 e6 3. Nc3 Bb4 4. Qc2 O-O 5. a3 Bxc3 6. Qxc3 b6 7. b4 a5 8. Bb2 Bb7 9. g3 Qe7 10. Bg2 axb4 11. axb4 Na6 12. b5 Nc5 13. Qc2 Rxa1+ 14. Bxa1 Ra8 15. O-O d6 16. Ng5 e5 17. Bxb7 Nxb7 18. Ne4 Nc5 19. Nxf6+ Qxf6 20. Bb2 Qe6 21. Ra1 Qe8 22. Ra3 1/2-1/2

[Event "Quebec-ch"]
[Site "Montreal CAN"]
[Date "1986.06.29"]
[Round "11"]
[White "Hebert, Jean"]
[Black "Williams, Leo"]
[Result "1/2-1/2"]
[WhiteElo "2400"]
[BlackElo "2285"]
[PlyCount "61"]
[GameId "2160767912651377"]
[EventDate "1986.06.16"]
[EventType "tourn"]
[EventRounds "11"]
[EventCountry "CAN"]
[SourceTitle "EXT 86b"]

1. f4 d5 2. g3 Nc6 3. Nf3 Bg4 4. Bg2 Bxf3 5. exf3 e6 6. d4 h5 7. h4 Bd6 8. Be3 Nh6 9. c3 Nf5 10. Bf2 Qf6 11. Bf1 O-O-O 12. Nd2 Kb8 13. Qa4 Qg6 14. Bd3 f6 15. O-O-O Qe8 16. Qc2 Qd7 17. Rde1 Nce7 18. Re2 g5 19. fxg5 fxg5 20. Nf1 gxh4 21. gxh4 Rhg8 22. Be1 Ng6 23. Bxf5 exf5 24. Bd2 Nf4 25. Bxf4 Bxf4+ 26. Nd2 Rde8 27. Qd3 Rxe2 28. Qxe2 Re8 29. Qf2 Be3 30. Qg2 a6 31. Re1 1/2-1/2

[Event "Laval VI"]
[Site "Laval CAN"]
[Date "1986.03.22"]
[Round "2"]
[White "Bolduc, Steve"]
[Black "Hebert, Jean"]
[Result "1-0"]
[WhiteElo "2117"]
[BlackElo "2431"]
[PlyCount "103"]
[GameId "2160767912717193"]
[EventDate "1986.03.21"]
[EventType "swiss"]
[EventRounds "5"]
[EventCountry "CAN"]
[SourceTitle "hb 2011"]

1. d4 Nf6 2. Nf3 e6 3. c4 d5 4. Nc3 c6 5. Bg5 h6 6. Bxf6 Qxf6 7. e3 Qd8 8. Bd3 Nd7 9. O-O Be7 10. e4 Nf6 11. Re1 O-O 12. Qb3 dxc4 13. Bxc4 b5 14. Bf1 Rb8 15. a4 b4 16. e5 Nd7 17. Ne4 c5 18. Rad1 Qb6 19. d5 exd5 20. Qxd5 Qc7 21. a5 Kh8 22. Nd6 Bxd6 23. Qxd6 Qxd6 24. exd6 Nf6 25. Re7 Be6 26. Ne5 Kg8 27. Bc4 Bxc4 28. Nxc4 a6 29. f3 b3 30. Nb6 Rfd8 31. Rc7 Kf8 32. Rxc5 Rb7 33. Kf2 Ne8 34. Rc6 Ra7 35. Rd3 Rb7 36. Ke3 f5 37. Kd2 Nf6 38. Rc7 Rbb8 39. Kc3 f4 40. Rd4 g5 41. Kc4 Re8 42. d7 Red8 43. Kc5 Ke7 44. Kc6 h5 45. h3 Ke6 46. Rd2 h4 47. Re2+ Kf5 48. Re7 Rf8 49. Kd6 Rbd8 50. Kc6 Ng8 51. Re2 Nf6 52. Nc4 1-0

[Event "Laval VI"]
[Site "Laval CAN"]
[Date "1986.03.22"]
[Round "3"]
[White "Hebert, Jean"]
[Black "Brodie, Hugh"]
[Result "1-0"]
[WhiteElo "2419"]
[BlackElo "1915"]
[PlyCount "47"]
[GameId "2160767912717200"]
[EventDate "1986.03.21"]
[EventType "swiss"]
[EventRounds "5"]
[EventCountry "CAN"]
[SourceTitle "EXT 2022"]
[Source "ChessBase"]
[SourceDate "2021.10.06"]
[SourceVersion "1"]
[SourceVersionDate "2021.10.06"]
[SourceQuality "1"]

1. e4 c5 2. Nf3 Nc6 3. Nc3 g6 4. Bb5 Bg7 5. O-O Nd4 6. Nxd4 Bxd4 7. d3 a6 8. Bc4 d6 9. Kh1 e6 10. f4 Ne7 11. f5 d5 12. fxe6 Bxe6 13. exd5 Nxd5 14. Nxd5 Bxd5 15. Qe2+ Kf8 16. Bh6+ Kg8 17. c3 Bxc4 18. cxd4 Be6 19. dxc5 Qd5 20. b4 Rd8 21. Rae1 Qd4 22. Bg5 Rd7 23. Bf6 Qxd3 24. Qb2 1-0

[Event "Ledain mem."]
[Site "Montreal CAN"]
[Date "1986.??.??"]
[Round "?"]
[White "Hebert, Jean"]
[Black "Leveille, Francois"]
[Result "1-0"]
[WhiteElo "2435"]
[BlackElo "2350"]
[PlyCount "111"]
[GameId "2160767912717218"]
[EventDate "1986.03.07"]
[EventType "tourn"]
[EventRounds "5"]
[EventCountry "CAN"]

1. Nf3 d5 2. c4 c6 3. d4 Nf6 4. Nc3 dxc4 5. a4 Bg4 6. e3 e5 7. Bxc4 e4 8. h3 exf3 9. hxg4 fxg2 10. Rg1 Bb4 11. Qb3 Qe7 12. Rxg2 Ne4 13. Bxf7+ Qxf7 14. Qxb4 Na6 15. Qa5 O-O 16. Qf5 Qxf5 17. gxf5 Nb4 18. Kd1 Rae8 19. f3 Nd6 20. e4 c5 21. Bh6 Rf7 22. dxc5 Nc4 23. b3 Ne5 24. Ke2 Kh8 25. Be3 g6 26. f4 Ned3 27. Rh1 Kg8 28. fxg6 Nxf4+ 29. Bxf4 Rxf4 30. Rxh7 Na6 31. Ke3 Rf6 32. Rgh2 Rfe6 33. Rh8+ Kg7 34. Rxe8 Rxe8 35. Kd4 Rc8 36. Rh7+ Kxg6 37. Rxb7 Nxc5 38. Rb5 Nd7 39. Rd5 Nf6 40. Rd6 Kf7 41. e5 Ng4 42. Ra6 Nxe5 43. Kxe5 Rxc3 44. Rxa7+ Ke8 45. Rb7 Rd3 46. Rb5 Ke7 47. a5 Rh3 48. Rb7+ Kd8 49. b4 Rh6 50. b5 Rh5+ 51. Kd6 Kc8 52. a6 Rg5 53. Re7 Kb8 54. b6 Rg6+ 55. Re6 Rg8 56. Kd7 1-0

[Event "Montreal"]
[Site "Montreal CAN"]
[Date "1986.??.??"]
[Round "?"]
[White "Spraggett, Kevin"]
[Black "Hebert, Jean"]
[Result "1-0"]
[WhiteElo "2525"]
[BlackElo "2400"]
[PlyCount "79"]
[GameId "2160767912717339"]
[EventDate "1986.??.??"]
[EventCountry "CAN"]
[SourceTitle "EXT 2010"]
[Source "ChessBase"]
[SourceDate "2009.11.30"]
[SourceVersion "1"]
[SourceVersionDate "2009.11.30"]
[SourceQuality "1"]

1. d4 Nf6 2. c4 e6 3. Nf3 b6 4. Nc3 Bb7 5. a3 Ne4 6. Nxe4 Bxe4 7. Nd2 Bb7 8. e4 g6 9. Bd3 Bg7 10. Nf3 d6 11. O-O O-O 12. Bg5 Qd7 13. Qd2 Nc6 14. d5 Nd4 15. Nxd4 Bxd4 16. Rae1 Bg7 17. f4 Rae8 18. Kh1 c6 19. dxe6 fxe6 20. Bb1 d5 21. cxd5 cxd5 22. e5 Rc8 23. Rf3 Qf7 24. Bd3 Rc7 25. Rg3 Rfc8 26. h4 Kh8 27. h5 gxh5 28. Rh3 h6 29. f5 exf5 30. Bxh6 Qg6 31. Bf4 Kg8 32. Rg3 Qe6 33. Rg5 Rf8 34. Rxh5 Rd7 35. Qf2 d4 36. Qg3 Bd5 37. Rg5 Bc4 38. Rg6 Qd5 39. e6 Re7 40. Be5 1-0

[Event "Quebec int"]
[Site "Montreal CAN"]
[Date "1986.??.??"]
[Round "1"]
[White "Barbeau, Sylvain"]
[Black "Hebert, Jean"]
[Result "1-0"]
[WhiteElo "2290"]
[BlackElo "2400"]
[PlyCount "67"]
[GameId "2160767912717373"]
[EventDate "1986.??.??"]
[EventType "tourn"]
[EventRounds "9"]
[EventCountry "CAN"]
[EventCategory "8"]
[SourceTitle "EXT 1999"]
[Source "ChessBase"]
[SourceDate "1998.11.10"]
[SourceVersion "1"]
[SourceVersionDate "1998.11.10"]
[SourceQuality "1"]

1. d4 Nf6 2. Nf3 c5 3. d5 b5 4. a4 b4 5. c4 g6 6. g3 Bg7 7. Bg2 d6 8. O-O O-O 9. Nbd2 e5 10. dxe6 fxe6 11. Ne1 d5 12. Nd3 Na6 13. e4 Rb8 14. e5 Ne8 15. Qe2 Bb7 16. Nf4 Nac7 17. Nf3 dxc4 18. Be3 g5 19. Rad1 Bxf3 20. Bxf3 Qe7 21. Nh5 Bxe5 22. Be4 Ng7 23. Nxg7 Bxg7 24. Qxc4 Rfc8 25. Bxc5 Qf7 26. Qd3 Nd5 27. Bxh7+ Kh8 28. Bg6 Qf6 29. Bxa7 Ra8 30. Bd4 Qxd4 31. Qxd4 Bxd4 32. Rxd4 Rxa4 33. Bf7 Nf6 34. Bxe6 1-0

[Event "Quebec int"]
[Site "Montreal CAN"]
[Date "1986.??.??"]
[Round "2"]
[White "Hebert, Jean"]
[Black "Spraggett, Kevin"]
[Result "1/2-1/2"]
[WhiteElo "2400"]
[BlackElo "2535"]
[PlyCount "66"]
[GameId "2160767912717378"]
[EventDate "1986.??.??"]
[EventType "tourn"]
[EventRounds "9"]
[EventCountry "CAN"]
[EventCategory "8"]
[SourceTitle "EXT 1999"]
[Source "ChessBase"]
[SourceDate "1998.11.10"]
[SourceVersion "1"]
[SourceVersionDate "1998.11.10"]
[SourceQuality "1"]

1. d4 d5 2. c4 dxc4 3. Nf3 Nf6 4. Nc3 c5 5. e4 cxd4 6. Nxd4 e5 7. Ndb5 a6 8. Qxd8+ Kxd8 9. Na3 b5 10. Nc2 Bb7 11. Bg5 Nbd7 12. a4 b4 13. Nd5 Bxd5 14. exd5 b3 15. Ne3 Bb4+ 16. Kd1 c3 17. bxc3 Bxc3 18. Rb1 Nc5 19. Bc4 Kd7 20. Bxf6 gxf6 21. Bxb3 Rab8 22. Bc2 Rxb1+ 23. Bxb1 Bd4 24. Nc4 e4 25. f3 Rb8 26. Bc2 Rb4 27. Na5 Bc3 28. Nc6 Rb2 29. fxe4 Ra2 30. Rf1 Ra1+ 31. Ke2 Ra2 32. Kd1 Ra1+ 33. Ke2 Ra2 1/2-1/2

[Event "Quebec int"]
[Site "Montreal CAN"]
[Date "1986.??.??"]
[Round "5"]
[White "Lein, Anatoly"]
[Black "Hebert, Jean"]
[Result "1/2-1/2"]
[WhiteElo "2535"]
[BlackElo "2400"]
[PlyCount "40"]
[GameId "2160767912717395"]
[EventDate "1986.??.??"]
[EventType "tourn"]
[EventRounds "9"]
[EventCountry "CAN"]
[EventCategory "8"]
[SourceTitle "EXT 2002"]
[Source "ChessBase"]
[SourceDate "2001.11.25"]
[SourceVersion "1"]
[SourceVersionDate "2001.11.25"]
[SourceQuality "1"]

1. d4 Nf6 2. c4 e6 3. Nf3 c5 4. d5 a6 5. a4 exd5 6. cxd5 g6 7. Nc3 Bg7 8. e4 d6 9. Be2 O-O 10. O-O Nbd7 11. Bf4 Ne8 12. Re1 Rb8 13. Qd2 b6 14. Bf1 Qe7 15. Rad1 f6 16. Rb1 Ne5 17. Nxe5 fxe5 18. Bg5 Bf6 19. Be3 a5 20. Be2 Nc7 1/2-1/2

[Event "Quebec int"]
[Site "Montreal CAN"]
[Date "1986.??.??"]
[Round "6"]
[White "Schroer, Jonathan"]
[Black "Hebert, Jean"]
[Result "1/2-1/2"]
[WhiteElo "2370"]
[BlackElo "2400"]
[PlyCount "84"]
[GameId "2160767912717401"]
[EventDate "1986.??.??"]
[EventType "tourn"]
[EventRounds "9"]
[EventCountry "CAN"]
[EventCategory "8"]
[SourceTitle "EXT 1999"]
[Source "ChessBase"]
[SourceDate "1998.11.10"]
[SourceVersion "1"]
[SourceVersionDate "1998.11.10"]
[SourceQuality "1"]

1. d4 Nf6 2. c4 e6 3. Nf3 Bb4+ 4. Bd2 c5 5. Bxb4 cxb4 6. a3 bxa3 7. Rxa3 d6 8. Nc3 Nc6 9. g3 O-O 10. Bg2 Re8 11. O-O e5 12. Qd2 Bg4 13. d5 Na5 14. b3 Bxf3 15. Bxf3 e4 16. Bg2 e3 17. fxe3 Ng4 18. Ne4 b6 19. Qd4 Ne5 20. Nd2 Nb7 21. Nf3 a5 22. Nh4 g6 23. Be4 Nc5 24. Bc2 Qd7 25. Raa1 Qh3 26. Rf4 Qd7 27. Raf1 Rf8 28. Rf6 Qe7 29. Ng2 Rae8 30. h3 Ned7 31. R6f4 f5 32. e4 fxe4 33. Rxf8+ Rxf8 34. Rxf8+ Qxf8 35. Nf4 Qf5 36. Ne6 Nf6 37. g4 Nxe6 38. dxe6 Qxe6 39. g5 Nd7 40. Bxe4 Qe5 41. Qxe5 dxe5 42. Kf2 Nc5 1/2-1/2

[Event "Quebec int"]
[Site "Montreal CAN"]
[Date "1986.??.??"]
[Round "7"]
[White "Hebert, Jean"]
[Black "Sax, Gyula"]
[Result "0-1"]
[WhiteElo "2400"]
[BlackElo "2545"]
[PlyCount "80"]
[GameId "2160767912717403"]
[EventDate "1986.??.??"]
[EventType "tourn"]
[EventRounds "9"]
[EventCountry "CAN"]
[EventCategory "8"]
[SourceTitle "EXT 1999"]
[Source "ChessBase"]
[SourceDate "1998.11.10"]
[SourceVersion "1"]
[SourceVersionDate "1998.11.10"]
[SourceQuality "1"]

1. d4 Nf6 2. c4 e6 3. Nf3 b6 4. Nc3 Bb7 5. Bf4 Bb4 6. Rc1 Ne4 7. e3 g5 8. Bg3 h5 9. d5 Nxc3 10. bxc3 Ba3 11. Rb1 h4 12. Be5 f6 13. Bd4 e5 14. Nxe5 fxe5 15. Bxe5 Rh6 16. Bd3 Qe7 17. f4 Bd6 18. O-O Na6 19. Bxd6 cxd6 20. Qf3 O-O-O 21. Bf5 Nc5 22. e4 Rg8 23. Rbd1 gxf4 24. Qxf4 Qg7 25. Qf3 Rh5 26. Rf2 Rg5 27. Rd4 Kc7 28. Bh3 Ba6 29. Qf4 Qe5 30. Qe3 Rb8 31. Bf5 Rg7 32. Rb2 Nb7 33. Bh3 Na5 34. Rf2 Nxc4 35. Qe2 Kb7 36. Qe1 Qe7 37. Qc1 Rc8 38. Bf5 Ne5 39. Qa3 Qg5 40. c4 Nxc4 0-1

[Event "Quebec int"]
[Site "Montreal CAN"]
[Date "1986.??.??"]
[Round "8"]
[White "Ivanov, Igor V"]
[Black "Hebert, Jean"]
[Result "1/2-1/2"]
[WhiteElo "2485"]
[BlackElo "2400"]
[PlyCount "121"]
[GameId "2160767912717408"]
[EventDate "1986.??.??"]
[EventType "tourn"]
[EventRounds "9"]
[EventCountry "CAN"]
[EventCategory "8"]
[SourceTitle "EXT 1999"]
[Source "ChessBase"]
[SourceDate "1998.11.10"]
[SourceVersion "1"]
[SourceVersionDate "1998.11.10"]
[SourceQuality "1"]

1. d4 Nf6 2. c4 e6 3. Nc3 Bb4 4. Bg5 h6 5. Bh4 c5 6. e3 Nc6 7. Nf3 Bxc3+ 8. bxc3 d6 9. Nd2 e5 10. Nb3 Qe7 11. d5 Nb8 12. Bd3 Nbd7 13. O-O g5 14. Bg3 h5 15. h4 Ng4 16. hxg5 Qxg5 17. Nd2 h4 18. Nf3 hxg3 19. Nxg5 gxf2+ 20. Rxf2 Rh1+ 21. Kxh1 Nxf2+ 22. Kg1 Nxd1 23. Rxd1 Nf6 24. Ne4 Nxe4 25. Bxe4 Bd7 26. Rb1 b6 27. Kf2 Ke7 28. Rh1 Rb8 29. Bd3 a6 30. Rb1 Ba4 31. g4 Kf6 32. Kg3 Kg7 33. Bf5 b5 34. cxb5 Rxb5 35. Rh1 Rb8 36. Rh7+ Kf6 37. e4 Be8 38. Kh4 Ke7 39. g5 Kf8 40. g6 fxg6 41. Bxg6 Bxg6 42. Rh8+ Ke7 43. Rxb8 Bxe4 44. Rb7+ Kd8 45. Rb6 Kc7 46. Rc6+ Kd7 47. Rxa6 Bxd5 48. Kg3 Bc4 49. Ra4 Bb5 50. Rh4 d5 51. Kf3 Kc7 52. Rh6 Kb7 53. a3 Bc4 54. Re6 e4+ 55. Kf4 Bb3 56. Rh6 Kc7 57. Ke3 Kb7 58. Rg6 Kc7 59. Ra6 Kb7 60. Rf6 Kc7 61. Kf4 1/2-1/2

[Event "Quebec int"]
[Site "Montreal CAN"]
[Date "1986.??.??"]
[Round "9"]
[White "Hebert, Jean"]
[Black "Pelts, Roman"]
[Result "1/2-1/2"]
[WhiteElo "2400"]
[BlackElo "2440"]
[PlyCount "81"]
[GameId "2160767912717413"]
[EventDate "1986.??.??"]
[EventType "tourn"]
[EventRounds "9"]
[EventCountry "CAN"]
[EventCategory "8"]
[SourceTitle "EXT 1999"]
[Source "ChessBase"]
[SourceDate "1998.11.10"]
[SourceVersion "1"]
[SourceVersionDate "1998.11.10"]
[SourceQuality "1"]

1. e4 c5 2. Nf3 e6 3. d4 cxd4 4. Nxd4 Nf6 5. Nc3 d6 6. Be2 Be7 7. O-O O-O 8. f4 a6 9. Kh1 Qc7 10. Bf3 Nc6 11. a4 Rb8 12. Be3 Na5 13. Bg1 e5 14. Nde2 b6 15. Qe1 Bb7 16. Ng3 Rfe8 17. fxe5 dxe5 18. Be2 Nc4 19. Rb1 Nd6 20. Bd3 Bc8 21. h3 b5 22. axb5 Nxb5 23. Nxb5 axb5 24. Qe2 Qc6 25. Rf3 Be6 26. Nf5 Bxf5 27. Rxf5 Nd7 28. b4 Rec8 29. Be3 f6 30. Rf2 Nf8 31. Rff1 Ne6 32. Rfc1 Nf4 33. Bxf4 exf4 34. c4 bxc4 35. Rxc4 Qb6 36. b5 Rxc4 37. Bxc4+ Kh8 38. Rd1 Rd8 39. Rxd8+ Qxd8 40. Qh5 g6 41. Qd5 1/2-1/2

[Event "Mauricie op"]
[Site "Trois-Rivieres CAN"]
[Date "1985.11.09"]
[Round "1"]
[White "Hebert, Jean"]
[Black "Pichette, Mickaelin"]
[Result "1/2-1/2"]
[WhiteElo "2414"]
[BlackElo "1833"]
[PlyCount "37"]
[GameId "2160767912717616"]
[EventDate "1985.11.09"]
[EventType "swiss"]
[EventRounds "4"]
[EventCountry "CAN"]

1. d4 Nf6 2. Nf3 d5 3. c4 Bf5 4. Nc3 h6 5. Qb3 dxc4 6. Qxb7 Nbd7 7. Nb5 Rc8 8. Bf4 e5 9. Bxe5 Nxe5 10. Nxe5 Be4 11. Qa6 Bb4+ 12. Nc3 O-O 13. e3 c5 14. dxc5 Rxc5 15. Nf3 Bxf3 16. gxf3 Nd5 17. Rc1 Re8 18. Rc2 Qc7 19. Qa4 1/2-1/2